The Third Wave (Record no. 345298)
[ view plain ]
| 000 -LEADER | |
|---|---|
| fixed length control field | 00715 a2200229 4500 |
| 003 - CONTROL NUMBER IDENTIFIER | |
| control field | OSt |
| 005 - DATE AND TIME OF LATEST TRANSACTION | |
| control field | 20180116182741.0 |
| 008 - FIXED-LENGTH DATA ELEMENTS--GENERAL INFORMATION | |
| fixed length control field | 170726b xxu||||| |||| 00| 0 eng d |
| 020 ## - INTERNATIONAL STANDARD BOOK NUMBER | |
| International Standard Book Number | 0330263374 |
| 020 ## - INTERNATIONAL STANDARD BOOK NUMBER | |
| International Standard Book Number | 9780330263375 |
| 040 ## - CATALOGING SOURCE | |
| Transcribing agency | 0 |
| 082 04 - DEWEY DECIMAL CLASSIFICATION NUMBER | |
| Classification number | 303.4 TOF 1990 |
| 100 1# - MAIN ENTRY--PERSONAL NAME | |
| Personal name | Toffler, Alvin. |
| 245 14 - TITLE STATEMENT | |
| Title | The Third Wave |
| Statement of responsibility, etc. | Alvin Toffler. |
| 260 ## - PUBLICATION, DISTRIBUTION, ETC. | |
| Place of publication, distribution, etc. | [S.l.] : |
| Name of publisher, distributor, etc. | Pan Books, |
| Date of publication, distribution, etc. | 1990. |
| 300 ## - PHYSICAL DESCRIPTION | |
| Extent | 544 p. ; |
| Dimensions | 18 cm. |
| Other physical details | pb. |
| 440 ## - SERIES STATEMENT/ADDED ENTRY--TITLE | |
| Title | The Third Wave |
| 500 ## - GENERAL NOTE | |
| General note | Paperback. |
| 856 40 - ELECTRONIC LOCATION AND ACCESS | |
| Materials specified | Amazon.com |
| Uniform Resource Identifier | <a href="http://www.amazon.com/exec/obidos/ASIN/0330263374/chopaconline-20">http://www.amazon.com/exec/obidos/ASIN/0330263374/chopaconline-20</a> |
| 856 40 - ELECTRONIC LOCATION AND ACCESS | |
| Materials specified | Amazon customer reviews |
| Uniform Resource Identifier | <a href="http://www.chopac.org/cgi-bin/tools/azrev.pl?q=0330263374">http://www.chopac.org/cgi-bin/tools/azrev.pl?q=0330263374</a> |
| 942 ## - ADDED ENTRY ELEMENTS (KOHA) | |
| Institution code [OBSOLETE] | NBS |
| Koha item type | Book |
| Call number prefix | 303.4 TOF |
| Source of classification or shelving scheme | |
| Withdrawn status | Lost status | Damaged status | Not for loan | Permanent Location | Current Location | Date acquired | Total Checkouts | Total Renewals | Full call number | Barcode | Date last seen | Date last checked out | Price effective from | Koha item type | Source of classification or shelving scheme | Collection code | Shelving location |
|---|---|---|---|---|---|---|---|---|---|---|---|---|---|---|---|---|---|
| Central Library (CL) | Central Library (CL) | 08/28/2013 | 2 | 2 | 303.4 TOF | NBS6854 | 04/15/2022 | 08/15/2021 | 08/28/2013 | Book | |||||||
| Central Library (CL) | Central Library (CL) | 07/26/2017 | 1 | 303.4 TOF 1990 | NBS7534 | 11/22/2017 | 07/26/2017 | 07/26/2017 | Book | General Stacks | |||||||
| Central Library (CL) | Central Library (CL) | 07/26/2017 | 1 | 303.4 TOF 1990 | NBS7539 | 07/04/2025 | 07/26/2017 | 07/26/2017 | Book | General Stacks |
